[Event "4NCL Division 2a"]
[Site "Telford, ENG"]
[Date "2017.11.11"]
[Round "1.11"]
[White "Cyborowski, Lukasz"]
[Black "Taylor, Adam C"]
[Result "1/2-1/2"]
[WhiteElo "2517"]
[BlackElo "2260"]
[PlyCount "66"]
[EventDate "2017.11.11"]
[WhiteTeam "Manx Liberty"]
[BlackTeam "Wood Green Monarchs"]

1. c4 Nf6 2. Nc3 e5 3. Nf3 Nc6 4. e3 d5 5. cxd5 Nxd5 6. Qc2 Nxc3 7. bxc3 Bd6 8.
Be2 Qe7 9. d3 O-O 10. e4 Bc5 11. O-O h6 12. Nd2 Be6 13. Nb3 Bb6 14. a4 Rfd8 15.
Kh1 Na5 16. Nxa5 Bxa5 17. f4 exf4 18. Bxf4 c5 19. Rab1 Rac8 20. Bg3 Rd7 21. Rb5
Bc7 22. Bf2 Bb8 23. Bg1 a6 24. Rbb1 Be5 25. Qb2 Rcd8 26. Qa3 Bd6 27. Qb2 Be5
28. Rbd1 Qh4 29. Qa3 c4 30. d4 Bd6 31. Qa2 Qxe4 32. Bxc4 Bxc4 33. Qxc4 Rc7
1/2-1/2

[Event "4NCL Division 2a"]
[Site "Telford, ENG"]
[Date "2017.11.11"]
[Round "1.12"]
[White "Sygnowski, Tomasz"]
[Black "Bobras, Piotr"]
[Result "0-1"]
[WhiteElo "2139"]
[BlackElo "2512"]
[PlyCount "30"]
[EventDate "2017.11.11"]
[WhiteTeam "Wood Green Monarchs"]
[BlackTeam "Manx Liberty"]

1. e4 e5 2. f4 d5 3. Nf3 dxe4 4. Nxe5 Nd7 5. Qe2 Ngf6 6. Nc3 Nc5 7. g4 Ne6 8.
Qc4 Bd6 9. Nxe4 Nxe4 10. Qxe4 O-O 11. d4 Qh4+ 12. Kd1 Nxd4 13. Rg1 Bxe5 14. Bd3
Bxg4+ 15. Rxg4 Qxg4+ 0-1

[Event "4NCL Division 2a"]
[Site "Telford, ENG"]
[Date "2017.11.11"]
[Round "1.13"]
[White "Galyas, Miklos"]
[Black "Pein, Jonathan"]
[Result "1-0"]
[WhiteElo "2480"]
[BlackElo "2167"]
[PlyCount "55"]
[EventDate "2017.11.11"]
[WhiteTeam "Manx Liberty"]
[BlackTeam "Wood Green Monarchs"]

1. c4 Nf6 2. g3 g6 3. Bg2 Bg7 4. Nc3 d6 5. e4 O-O 6. Nge2 c6 7. O-O a6 8. d3 b5
9. h3 e5 10. Be3 Be6 11. b3 Qd7 12. Kh2 Nh5 13. Rc1 Qb7 14. f4 f5 15. exf5 gxf5
16. d4 e4 17. d5 cxd5 18. cxd5 Bc8 19. Nd4 Qf7 20. Ne6 Bxe6 21. dxe6 Qg6 22. g4
fxg4 23. hxg4 Nxf4 24. Bxf4 Rxf4 25. Rxf4 Be5 26. Nd5 Qh6+ 27. Kg1 Bxf4 28.
Rc8+ 1-0

[Event "4NCL Division 2a"]
[Site "Telford, ENG"]
[Date "2017.11.11"]
[Round "1.14"]
[White "Willow, Jonah B"]
[Black "Kolbus, Dietmar"]
[Result "0-1"]
[WhiteElo "2144"]
[BlackElo "2317"]
[PlyCount "100"]
[EventDate "2017.11.11"]
[WhiteTeam "Wood Green Monarchs"]
[BlackTeam "Manx Liberty"]

1. e4 c5 2. Nf3 a6 3. Nc3 d6 4. d4 cxd4 5. Nxd4 Nf6 6. Bg5 Nbd7 7. f4 Qc7 8.
Qe2 e6 9. O-O-O Be7 10. g4 h6 11. Bxf6 Bxf6 12. h4 Qb6 13. Nb3 Bxc3 14. bxc3
Qc7 15. Qd2 Nf6 16. Bg2 Nxg4 17. Bf3 e5 18. f5 Nf6 19. Rhg1 Kf8 20. Qxd6+ Qxd6
21. Rxd6 Ke7 22. Rd2 Rg8 23. Na5 g5 24. Nc4 g4 25. Nb6 Rb8 26. Nd5+ Nxd5 27.
Rxd5 Bxf5 28. exf5 gxf3 29. Rf1 Rbd8 30. Rxe5+ Kf6 31. Re3 Rg3 32. Rexf3 Rxf3
33. Rxf3 Rd5 34. c4 Rd4 35. Rb3 Rxh4 36. Rxb7 Rxc4 37. Rb6+ Kg5 38. Rxa6 h5 39.
Ra8 h4 40. Rg8+ Kxf5 41. Rg1 h3 42. Kd2 h2 43. Rh1 Rh4 44. Ke3 Kg4 45. Kf2 Kh3
46. Rb1 Rf4+ 47. Ke3 Rf6 48. c4 Kg2 49. Rb2+ Kg1 50. Rb1+ Rf1 0-1

[Event "4NCL Division 2a"]
[Site "Telford, ENG"]
[Date "2017.11.11"]
[Round "1.15"]
[White "Jaracz, Barbara"]
[Black "Manelidou, Maria"]
[Result "1-0"]
[WhiteElo "2231"]
[BlackElo "2106"]
[PlyCount "97"]
[EventDate "2017.11.11"]
[WhiteTeam "Manx Liberty"]
[BlackTeam "Wood Green Monarchs"]

1. e4 e5 2. Nf3 Nc6 3. Bb5 a6 4. Ba4 d6 5. c3 Bd7 6. O-O g6 7. d4 Bg7 8. Be3
Nge7 9. Nbd2 h6 10. Re1 O-O 11. dxe5 dxe5 12. Bb3 Kh7 13. Bc5 b6 14. Ba3 Na5
15. Nc4 Nxc4 16. Bxc4 c5 17. Qd6 Bb5 18. Qxd8 Raxd8 19. Bb3 g5 20. Rad1 Ng6 21.
Bxf7 Rxd1 22. Bxg6+ Kxg6 23. Rxd1 Kh7 24. Rd6 Rf6 25. Rd8 Rf4 26. Nd2 Rf8 27.
Rxf8 Bxf8 28. c4 Bd7 29. b3 Kg6 30. Bb2 Kf6 31. f3 h5 32. Nf1 b5 33. Ne3 Bd6
34. Kf2 b4 35. g3 Kg6 36. Nc2 g4 37. Ne1 gxf3 38. Nd3 Kf6 39. Bc1 Bc6 40. Kxf3
Bd7 41. Be3 Bg4+ 42. Kf2 Bd1 43. Bxc5 Bxc5+ 44. Nxc5 a5 45. Ke3 Ke7 46. Nd3 Bc2
47. Nxe5 Bb1 48. Kd4 Bxa2 49. Nc6+ 1-0

[Event "4NCL Division 2a"]
[Site "Telford, ENG"]
[Date "2017.11.11"]
[Round "1.16"]
[White "Serbanescu, Diana-Maria"]
[Black "Dahl, Baard"]
[Result "1/2-1/2"]
[WhiteElo "1999"]
[BlackElo "2030"]
[PlyCount "181"]
[EventDate "2017.11.11"]
[WhiteTeam "Wood Green Monarchs"]
[BlackTeam "Manx Liberty"]

1. e4 e5 2. Nf3 Nc6 3. Bc4 Bc5 4. d3 Nf6 5. c3 O-O 6. O-O d5 7. exd5 Nxd5 8. b4
Bb6 9. a4 a6 10. Bg5 f6 11. Qb3 Nce7 12. Bc1 Kh8 13. h3 c6 14. Na3 Qe8 15. Nc2
Qh5 16. Nce1 Rd8 17. Ra2 Ng6 18. Bxd5 cxd5 19. d4 e4 20. Nh2 Be6 21. Be3 f5 22.
f4 Rac8 23. Raf2 Rd7 24. Nc2 Bd8 25. g3 Qxh3 26. Rg2 Rdc7 27. Bd2 Ne7 28. Ne3
Ng8 29. Rff2 Nf6 30. Nhf1 Qh5 31. Rh2 Qe8 32. Rh1 g6 33. a5 Qb5 34. Rg2 Kg7 35.
Nd1 h5 36. Nfe3 b6 37. axb6 Qxb6 38. Be1 a5 39. Rb2 axb4 40. Qxb4 Qxb4 41. Rxb4
Rc6 42. Rh2 Rb6 43. Rhb2 Rcb8 44. Rxb6 Rxb6 45. Ra2 Rb7 46. Ra6 Kf7 47. Ra1 Bc7
48. Ng2 Ng4 49. Bd2 Ke7 50. Bc1 Kd7 51. Nh4 Bf7 52. Ng2 Kc6 53. Nh4 Bb6 54. Kf1
Ra7 55. Rxa7 Bxa7 56. Ba3 Kb5 57. Ke2 Ka4 58. Bc1 Kb3 59. Bd2 Bb6 60. Be1 Kc2
61. Bd2 Be8 62. Ne3+ Nxe3 63. Kxe3 Ba5 64. Ng2 Bxc3 65. Bxc3 Kxc3 66. Nh4 Kc2
67. Ke2 Kc1 68. Ke1 Kc2 69. Ke2 Kc3 70. Ke3 Kc4 71. Ng2 Kb5 72. Kd2 Kc6 73. Kc3
Kd6 74. Kb4 Ke6 75. Kc3 Kf6 76. Kd2 g5 77. Ke3 Bb5 78. Kf2 Bc4 79. Ne3 Bb3 80.
Ng2 Kg6 81. Ke3 Kh6 82. Ne1 Bd1 83. Ng2 Bf3 84. Ne1 h4 85. fxg5+ Kxg5 86. gxh4+
Kxh4 87. Kf4 Bd1 88. Ng2+ Kh3 89. Ne3 Bb3 90. Nxf5 Kg2 91. Ke3 1/2-1/2

[Event "4NCL Division 2a"]
[Site "Telford, ENG"]
[Date "2017.11.11"]
[Round "1.17"]
[White "Fabri, Henrik"]
[Black "Green, Michael"]
[Result "1/2-1/2"]
[WhiteElo "1926"]
[BlackElo "2035"]
[PlyCount "45"]
[EventDate "2017.11.11"]
[WhiteTeam "Manx Liberty"]
[BlackTeam "Wood Green Monarchs"]

1. d4 Nf6 2. Nf3 c5 3. c3 b6 4. Bf4 g6 5. h3 Bg7 6. e3 O-O 7. Bd3 d6 8. O-O Bb7
9. Nbd2 Nbd7 10. Qe2 a6 11. a4 Ra7 12. e4 cxd4 13. cxd4 Qa8 14. Rfe1 e5 15.
dxe5 Nh5 16. Be3 dxe5 17. a5 Nf4 18. Qf1 Qd8 19. axb6 Nxb6 20. Bxa6 Qf6 21.
Bxb7 Rxb7 22. g3 Ne6 23. Ra5 1/2-1/2

[Event "4NCL Division 2a"]
[Site "Telford, ENG"]
[Date "2017.11.11"]
[Round "1.18"]
[White "Guha, Chirag"]
[Black "Costello, John"]
[Result "1-0"]
[WhiteElo "1982"]
[BlackElo "1710"]
[PlyCount "77"]
[EventDate "2017.11.11"]
[WhiteTeam "Wood Green Monarchs"]
[BlackTeam "Manx Liberty"]

1. d4 d5 2. Nf3 Nf6 3. c4 e6 4. g3 c6 5. Bg2 dxc4 6. O-O Nbd7 7. Qc2 Be7 8.
Qxc4 Nb6 9. Qc2 O-O 10. e4 h6 11. Rd1 Bd7 12. Nc3 Qc8 13. Ne5 Rd8 14. Be3 Be8
15. a4 Nbd7 16. Nc4 Nf8 17. a5 Ng6 18. Qe2 Bf8 19. Rac1 Qc7 20. f4 Qe7 21. e5
Nd5 22. Ne4 Qc7 23. Ned6 Bxd6 24. Nxd6 Nge7 25. Bd2 Nc8 26. Nxe8 Rxe8 27. Bxd5
exd5 28. f5 Qd7 29. Rf1 Kh7 30. Qh5 Ne7 31. f6 Ng8 32. fxg7 Kxg7 33. Rf4 Re6
34. Rcf1 Rf8 35. Rf6 Rxf6 36. Rxf6 Nxf6 37. Qxh6+ Kg8 38. Qg5+ Kh7 39. exf6 1-0

[Event "4NCL Division 2a"]
[Site "Telford, ENG"]
[Date "2017.11.11"]
[Round "1.21"]
[White "Chow, Samuel"]
[Black "Brewer, Callum D"]
[Result "1/2-1/2"]
[WhiteElo "2327"]
[BlackElo "2140"]
[PlyCount "71"]
[EventDate "2017.11.11"]
[WhiteTeam "White Rose 2"]
[BlackTeam "Sussex Martlets 1"]

1. d4 Nf6 2. c4 e6 3. g3 d5 4. Nf3 Be7 5. Bg2 O-O 6. O-O dxc4 7. Ne5 Nc6 8.
Bxc6 bxc6 9. Nxc6 Qe8 10. Nxe7+ Qxe7 11. Qc2 e5 12. Rd1 exd4 13. Rxd4 Be6 14.
Nc3 Rfd8 15. Rxd8+ Rxd8 16. Bg5 h6 17. Bxf6 Qxf6 18. Rd1 Rd4 19. Rxd4 Qxd4 20.
Qd1 Qxd1+ 21. Nxd1 f5 22. f4 Kf7 23. Kf2 Ke7 24. e4 Kd6 25. Ke3 Kc5 26. Nc3 a5
27. Ne2 fxe4 28. Kxe4 Bf7 29. a3 c3 30. Nxc3 Kc4 31. Nd1 Kb3 32. Kd3 Bh5 33.
Ne3 Bf7 34. Nd1 Bh5 35. Ne3 Bf7 36. Nd1 1/2-1/2

[Event "4NCL Division 2a"]
[Site "Telford, ENG"]
[Date "2017.11.11"]
[Round "1.22"]
[White "Grant, David J"]
[Black "Brown, Martin"]
[Result "0-1"]
[WhiteElo "2140"]
[BlackElo "2274"]
[PlyCount "116"]
[EventDate "2017.11.11"]
[WhiteTeam "Sussex Martlets 1"]
[BlackTeam "White Rose 2"]

1. e4 e6 2. Nf3 d5 3. Nc3 Nf6 4. e5 Nfd7 5. d4 c5 6. dxc5 Nc6 7. Bf4 Bxc5 8.
Bd3 f6 9. exf6 Nxf6 10. Qe2 O-O 11. O-O-O a6 12. Kb1 Bd7 13. Ne5 Nxe5 14. Bxe5
b5 15. g4 Ne8 16. g5 Qxg5 17. Rhg1 Qh6 18. Qg4 Ra7 19. Rg3 Nf6 20. Bxf6 Rxf6
21. Rh3 Qf4 22. Bxh7+ Kf8 23. f3 Qxg4 24. fxg4 b4 25. Ne2 g6 26. g5 Rf2 27. Nc1
Bd6 28. Bxg6 Rxh2 29. Rxh2 Bxh2 30. Nd3 Bd6 31. Re1 Bc8 32. Bh5 Rg7 33. g6 Ke7
34. Rf1 Bd7 35. c3 bxc3 36. bxc3 Be8 37. Nf4 Bxf4 38. Rxf4 Bxg6+ 39. Bxg6 Rxg6
40. Ra4 e5 41. Ra5 Rb6+ 42. Kc2 Ke6 43. Kd3 Rc6 44. Ra4 e4+ 45. Kd4 Kd6 46. Ra3
Rc4+ 47. Ke3 a5 48. Rxa5 Rxc3+ 49. Kd2 Rc5 50. Ra8 Ke5 51. a4 Kd4 52. a5 e3+
53. Ke2 Rc2+ 54. Kf3 Rf2+ 55. Kg3 Rf7 56. Re8 Kd3 57. Rb8 e2 58. Rb1 Rf1 0-1

[Event "4NCL Division 2a"]
[Site "Telford, ENG"]
[Date "2017.11.11"]
[Round "1.23"]
[White "Townsend, M Paul"]
[Black "Payne, Matthew J"]
[Result "1-0"]
[WhiteElo "2267"]
[BlackElo "2117"]
[PlyCount "71"]
[EventDate "2017.11.11"]
[WhiteTeam "White Rose 2"]
[BlackTeam "Sussex Martlets 1"]

1. d4 Nf6 2. c4 g6 3. Nf3 Bg7 4. e3 O-O 5. Be2 c5 6. d5 d6 7. Nc3 e6 8. O-O
exd5 9. cxd5 Bf5 10. Nd2 Re8 11. Re1 Qc8 12. Nc4 Qd7 13. a4 g5 14. Bd3 Bxd3 15.
Qxd3 Na6 16. e4 Nb4 17. Qg3 Nc2 18. Bxg5 Nh5 19. Qh4 Nxe1 20. Rxe1 h6 21. Bd2
Nf6 22. Bxh6 Ng4 23. Bxg7 Kxg7 24. Qg3 Kh7 25. Nxd6 Re5 26. Nc4 Rh5 27. h3 Nf6
28. e5 Ng8 29. e6 fxe6 30. dxe6 Qe7 31. Qd3+ Kh8 32. Nd5 Qg5 33. Ne5 Nh6 34. g4
Rg8 35. e7 Nxg4 36. Nf7+ 1-0

[Event "4NCL Division 2a"]
[Site "Telford, ENG"]
[Date "2017.11.11"]
[Round "1.24"]
[White "Cumming, Rhys"]
[Black "Shaw, Peter"]
[Result "1-0"]
[WhiteElo "2154"]
[BlackElo "2142"]
[PlyCount "57"]
[EventDate "2017.11.11"]
[WhiteTeam "Sussex Martlets 1"]
[BlackTeam "White Rose 2"]

1. e4 d6 2. d4 Nf6 3. Nc3 c6 4. f4 Qa5 5. Bd3 e5 6. Nf3 exd4 7. Nxd4 g6 8. Nf3
Bg7 9. O-O O-O 10. Qe1 Nbd7 11. f5 b5 12. Qh4 b4 13. Ne2 c5 14. Be3 Bb7 15.
fxg6 fxg6 16. Nf4 Bxe4 17. Bxe4 Nxe4 18. Ne6 d5 19. Nxg7 Kxg7 20. Bh6+ Kg8 21.
Bxf8 Rxf8 22. Ng5 Nxg5 23. Qxg5 c4 24. Rxf8+ Nxf8 25. Kh1 Ne6 26. Qf6 Ng7 27.
Rf1 Nf5 28. g4 d4 29. Qe6+ 1-0

[Event "4NCL Division 2a"]
[Site "Telford, ENG"]
[Date "2017.11.11"]
[Round "1.25"]
[White "Sucikova, Svetlana"]
[Black "Graham, David B"]
[Result "0-1"]
[WhiteElo "2123"]
[BlackElo "2189"]
[PlyCount "86"]
[EventDate "2017.11.11"]
[WhiteTeam "White Rose 2"]
[BlackTeam "Sussex Martlets 1"]

1. c4 g6 2. g3 Bg7 3. Bg2 d6 4. d4 Nf6 5. Nf3 O-O 6. O-O Nc6 7. Nc3 Bg4 8. h3
Bxf3 9. Bxf3 Nd7 10. e3 e5 11. d5 Ne7 12. Bg2 f5 13. e4 a5 14. Bg5 h6 15. Bd2
Nc5 16. a3 Qd7 17. Kh2 f4 18. Qc2 a4 19. Rad1 h5 20. Bf3 Bh6 21. g4 hxg4 22.
hxg4 Bg5 23. Kg2 Bh4 24. Rh1 g5 25. Nb5 Kg7 26. Bb4 b6 27. Bxc5 bxc5 28. b3
axb3 29. Qxb3 Ng8 30. Qd3 Nf6 31. Qe2 Rf7 32. Ra1 Raf8 33. Ra2 Kg6 34. a4 Rh7
35. Qd1 Rfh8 36. Kf1 Bxf2 37. Rxh7 Qxh7 38. Rxf2 Nxg4 39. Qe2 Ne3+ 40. Ke1 g4
41. Bxg4 Qh1+ 42. Kd2 Qb1 43. Kc3 Qb4+ 0-1

[Event "4NCL Division 2a"]
[Site "Telford, ENG"]
[Date "2017.11.11"]
[Round "1.26"]
[White "Willson, Ollie"]
[Black "Ho, Conrad"]
[Result "1-0"]
[WhiteElo "2087"]
[BlackElo "2082"]
[PlyCount "51"]
[EventDate "2017.11.11"]
[WhiteTeam "Sussex Martlets 1"]
[BlackTeam "White Rose 2"]

1. d4 e6 2. g3 Nf6 3. Bg2 c5 4. Nf3 Be7 5. O-O O-O 6. c4 cxd4 7. Nxd4 a6 8. Nc3
Qc7 9. Qd3 d6 10. b3 Nbd7 11. Bb2 Ne5 12. Qd2 Rd8 13. Rac1 Bd7 14. Rfd1 Rac8
15. h3 Qb8 16. f4 Ng6 17. e4 Nh5 18. Kh2 e5 19. Nde2 exf4 20. Nxf4 Nhxf4 21.
gxf4 Nh4 22. Nd5 Bf8 23. f5 b5 24. Qg5 Nxg2 25. Bxg7 Nh4 26. Nf6# 1-0

[Event "4NCL Division 2a"]
[Site "Telford, ENG"]
[Date "2017.11.11"]
[Round "1.27"]
[White "Li, Harry"]
[Black "Bucher, Grant W"]
[Result "1/2-1/2"]
[WhiteElo "1988"]
[BlackElo "2139"]
[PlyCount "76"]
[EventDate "2017.11.11"]
[WhiteTeam "White Rose 2"]
[BlackTeam "Sussex Martlets 1"]

1. d4 Nf6 2. Bg5 Ne4 3. Bf4 d5 4. Nd2 Bf5 5. e3 e6 6. Bd3 Nxd2 7. Qxd2 Bd6 8.
Bxd6 Qxd6 9. Bxf5 exf5 10. Nf3 Nd7 11. O-O O-O 12. Qd3 g6 13. c4 dxc4 14. Qxc4
Nb6 15. Qc2 c6 16. a3 Rfe8 17. b4 Qe6 18. Ne5 Nd5 19. Rfe1 Kg7 20. Rab1 f6 21.
Nd3 Qe4 22. Qb3 b5 23. Rbc1 Nb6 24. Qc3 Nc4 25. Nb2 Nxb2 26. Qxb2 f4 27. f3 Qe6
28. e4 Red8 29. d5 cxd5 30. exd5 Qb6+ 31. Kf1 Rxd5 32. Re7+ Kh6 33. Rcc7 Rd1+
34. Ke2 Re8 35. Kxd1 Rxe7 36. Rxe7 Qd6+ 37. Qd2 Qxe7 38. Qxf4+ Kg7 1/2-1/2

[Event "4NCL Division 2a"]
[Site "Telford, ENG"]
[Date "2017.11.11"]
[Round "1.28"]
[White "Lunn, Matthew"]
[Black "Camp, Imogen A L"]
[Result "1/2-1/2"]
[WhiteElo "2091"]
[BlackElo "1937"]
[PlyCount "117"]
[EventDate "2017.11.11"]
[WhiteTeam "Sussex Martlets 1"]
[BlackTeam "White Rose 2"]

1. d4 d5 2. c4 e6 3. Nc3 Nf6 4. cxd5 exd5 5. Bg5 Be7 6. e3 c6 7. Bd3 Nbd7 8.
Qc2 h6 9. Bh4 O-O 10. Nge2 Re8 11. O-O Ne4 12. Bxe7 Qxe7 13. Rae1 Nb6 14. f3
Nxc3 15. Nxc3 Be6 16. Qf2 Rad8 17. Bb1 Qf6 18. Rd1 Nc4 19. Rfe1 b6 20. b3 Nd6
21. e4 dxe4 22. fxe4 Qxf2+ 23. Kxf2 Nb7 24. h3 Kf8 25. g4 Rd6 26. e5 Rd7 27.
Be4 Rc8 28. Ke3 Nd8 29. Rc1 Rdc7 30. Bg2 Ke7 31. Re2 Nb7 32. Rec2 Kd7 33. b4
Nd8 34. Kd3 g6 35. b5 cxb5 36. d5 Bxd5 37. Bxd5 Rc5 38. a3 a5 39. Rb1 Ne6 40.
Bxe6+ Kxe6 41. Rxb5 Kxe5 42. Rxb6 Rd8+ 43. Ke3 Rdc8 44. Kd2 Rd8+ 45. Kc1 Rd3
46. Kb2 Rxh3 47. Re2+ Kf4 48. Rf6+ Kxg4 49. Rg2+ Kh5 50. Ne2 Rb5+ 51. Ka2 g5
52. Ng3+ Kg4 53. Ne2+ Kh5 54. Ng3+ Kg4 55. Ne4+ Kh5 56. Nf2 Rh4 57. Rxf7 Kg6
58. Rf8 Rd4 59. Ng4 1/2-1/2

[Event "4NCL Division 2a"]
[Site "Telford, ENG"]
[Date "2017.11.11"]
[Round "1.31"]
[White "Kulon, Klaudia"]
[Black "Varnam, Liam D"]
[Result "1-0"]
[WhiteElo "2352"]
[BlackElo "2083"]
[PlyCount "89"]
[EventDate "2017.11.11"]
[WhiteTeam "Celtic Tigers"]
[BlackTeam "Grantham Sharks 2"]

1. c4 c5 2. g3 g6 3. Bg2 Bg7 4. Nc3 Nc6 5. e3 e5 6. Nge2 Nge7 7. O-O O-O 8. d3
d6 9. h3 f5 10. a3 Be6 11. Nd5 Qd7 12. Kh2 Bf7 13. Rb1 Rab8 14. Qa4 Rfd8 15.
Nec3 b6 16. b4 Nxd5 17. Nxd5 Ne7 18. Qxd7 Rxd7 19. bxc5 dxc5 20. e4 fxe4 21.
dxe4 Bxd5 22. cxd5 Nc8 23. Be3 Rbb7 24. h4 Nd6 25. h5 gxh5 26. Bh3 Rdc7 27.
Be6+ Kf8 28. f4 Ke8 29. fxe5 Bxe5 30. Bf4 Bxf4 31. Rxf4 Nf7 32. Rbf1 c4 33. e5
Nxe5 34. d6 Rf7 35. Bxf7+ Nxf7 36. Re4+ Kd8 37. Rxc4 Nxd6 38. Rd4 Rd7 39. Rf6
Kc7 40. Rh6 Nb5 41. Rxd7+ Kxd7 42. a4 Nc3 43. Rxh7+ Kc6 44. Rxa7 Kc5 45. a5 1-0

[Event "4NCL Division 2a"]
[Site "Telford, ENG"]
[Date "2017.11.11"]
[Round "1.32"]
[White "Birtwistle, Nigel"]
[Black "Maciol, Ryszard"]
[Result "0-1"]
[WhiteElo "2155"]
[BlackElo "2162"]
[PlyCount "96"]
[EventDate "2017.11.11"]
[WhiteTeam "Grantham Sharks 2"]
[BlackTeam "Celtic Tigers"]

1. Nf3 Nf6 2. g3 d5 3. c4 e6 4. Bg2 Be7 5. O-O O-O 6. d4 Nbd7 7. Nbd2 b6 8. Qc2
Bb7 9. Rd1 Qc8 10. b3 Rd8 11. Bb2 c5 12. e3 dxc4 13. bxc4 cxd4 14. exd4 Qc7 15.
Rac1 Rac8 16. Qb3 Ne4 17. Nxe4 Bxe4 18. Re1 Bf5 19. h3 Qd6 20. a3 h6 21. Qa4
Rc7 22. Red1 Be4 23. Qb3 Bf6 24. Qe3 Bb7 25. Kh2 Rdc8 26. Nd2 Bxg2 27. Kxg2
Qc6+ 28. Ne4 Qa4 29. Nxf6+ Nxf6 30. d5 Rxc4 31. Bxf6 gxf6 32. Rxc4 Rxc4 33. Re1
exd5 34. Qxh6 Qc6 35. Qh5 Re4 36. Rd1 d4 37. Kh2 Qc2 38. Rf1 d3 39. Qd5 Qe2 40.
Kg2 d2 41. Rd1 Qxd1 42. Qxe4 Qh5 43. g4 Qe5 44. Qd3 Qe1 45. Qd8+ Kg7 46. g5
d1=Q 47. gxf6+ Kg6 48. Qg8+ Kxf6 0-1

[Event "4NCL Division 2a"]
[Site "Telford, ENG"]
[Date "2017.11.11"]
[Round "1.33"]
[White "Quinn, John M"]
[Black "Willis, Rupert"]
[Result "1-0"]
[WhiteElo "2169"]
[BlackElo "2163"]
[PlyCount "55"]
[EventDate "2017.11.11"]
[WhiteTeam "Celtic Tigers"]
[BlackTeam "Grantham Sharks 2"]

1. d4 Nf6 2. c4 c5 3. d5 e6 4. Nc3 exd5 5. cxd5 d6 6. e4 g6 7. Nge2 Bg7 8. Ng3
O-O 9. Be2 a6 10. a4 Nbd7 11. O-O Ne8 12. Be3 Rb8 13. Qd2 Nc7 14. Bh6 b5 15.
Bxg7 Kxg7 16. axb5 Nxb5 17. Nxb5 axb5 18. f4 Nf6 19. e5 dxe5 20. fxe5 Nxd5 21.
Rad1 Be6 22. Bf3 Nb6 23. Qf4 Qe7 24. Ne4 Nd5 25. Rxd5 Bxd5 26. Nf6 Bc4 27. Qg5
Kh8 28. Qh6 1-0

[Event "4NCL Division 2a"]
[Site "Telford, ENG"]
[Date "2017.11.11"]
[Round "1.34"]
[White "Purton, Ben J"]
[Black "Pedersen, Carsten"]
[Result "1/2-1/2"]
[WhiteElo "2109"]
[BlackElo "2144"]
[PlyCount "42"]
[EventDate "2017.11.11"]
[WhiteTeam "Grantham Sharks 2"]
[BlackTeam "Celtic Tigers"]

1. e4 e6 2. d4 d5 3. Nd2 c5 4. exd5 Qxd5 5. Ngf3 cxd4 6. Bc4 Qd6 7. O-O Nf6 8.
Nb3 Nc6 9. Nbxd4 Nxd4 10. Qxd4 Qxd4 11. Nxd4 Bd7 12. Re1 Rc8 13. b3 Bc5 14. c3
Bxd4 15. cxd4 Bc6 16. Bg5 Nd5 17. Bxd5 Bxd5 18. Rac1 Kd7 19. g3 b6 20. Bd2 a5
21. f3 Rxc1 1/2-1/2

[Event "4NCL Division 2a"]
[Site "Telford, ENG"]
[Date "2017.11.11"]
[Round "1.35"]
[White "Way, Julian M"]
[Black "Milson, Samuel A"]
[Result "1-0"]
[WhiteElo "2013"]
[BlackElo "2110"]
[PlyCount "43"]
[EventDate "2017.11.11"]
[WhiteTeam "Celtic Tigers"]
[BlackTeam "Grantham Sharks 2"]

1. e4 e5 2. Nf3 Nc6 3. Bc4 Bc5 4. O-O d6 5. c3 Bg4 6. d3 Nf6 7. Bb3 O-O 8. Nbd2
d5 9. h3 Bh5 10. Qe2 Re8 11. Re1 Bg6 12. Bc2 Nh5 13. Nf1 a5 14. Bb3 dxe4 15.
dxe4 Nf4 16. Bxf4 exf4 17. Qc4 Qe7 18. e5 Bh5 19. N1d2 Bxf3 20. Nxf3 g5 21. Qe4
h6 22. Qg6+ 1-0

[Event "4NCL Division 2a"]
[Site "Telford, ENG"]
[Date "2017.11.11"]
[Round "1.36"]
[White "Head, Louise"]
[Black "Skulte, Christopher"]
[Result "1-0"]
[WhiteElo "2106"]
[BlackElo "1957"]
[PlyCount "81"]
[EventDate "2017.11.11"]
[WhiteTeam "Grantham Sharks 2"]
[BlackTeam "Celtic Tigers"]

1. d4 d5 2. c4 Nc6 3. cxd5 Qxd5 4. e3 e5 5. Nc3 Bb4 6. Bd2 Bxc3 7. bxc3 Nf6 8.
Qb3 Qxb3 9. axb3 Ne4 10. Bb5 Bd7 11. f3 Nxd2 12. Kxd2 exd4 13. cxd4 Nb4 14. Bc4
c6 15. Ne2 a5 16. Nc3 b5 17. Be2 Be6 18. Rhb1 Ke7 19. Bd1 Rhd8 20. Rc1 f5 21.
Na2 Nxa2 22. Rxa2 Ra6 23. Kd3 Rf8 24. Raa1 Kd6 25. Rc5 h6 26. e4 f4 27. Kc3 Kd7
28. d5 Kd6 29. Kd4 cxd5 30. e5+ Ke7 31. Be2 Bd7 32. Bxb5 Bxb5 33. Rxb5 Rc6 34.
Raxa5 Rfc8 35. Kxd5 Rc2 36. Ra7+ Kf8 37. g3 g6 38. Rb6 fxg3 39. Rf6+ Ke8 40.
Rxg6 Rd2+ 41. Ke6 1-0

[Event "4NCL Division 2a"]
[Site "Telford, ENG"]
[Date "2017.11.11"]
[Round "1.37"]
[White "Larter, Nick J"]
[Black "Kafka, Graeme"]
[Result "1/2-1/2"]
[WhiteElo "1839"]
[BlackElo "2074"]
[PlyCount "108"]
[EventDate "2017.11.11"]
[WhiteTeam "Celtic Tigers"]
[BlackTeam "Grantham Sharks 2"]

1. e4 c5 2. c4 Nc6 3. Nc3 g6 4. g3 Bg7 5. Bg2 e5 6. Nge2 Nge7 7. O-O d6 8. d3
O-O 9. Rb1 Nd4 10. Be3 Bd7 11. h3 Rb8 12. Kh2 a6 13. Qd2 b5 14. b3 b4 15. Nd1
f5 16. Bxd4 cxd4 17. f4 Qc7 18. Nf2 a5 19. fxe5 dxe5 20. Ng1 fxe4 21. Bxe4 Nf5
22. Bxf5 gxf5 23. Rbe1 Bc6 24. h4 Qd6 25. Ngh3 h6 26. Qd1 Qg6 27. Rg1 Qd6 28.
Rgf1 Rbe8 29. Qh5 Re7 30. Kg1 Bb7 31. Kh2 Qc6 32. Rg1 Qf3 33. Qxf3 Bxf3 34. Nf4
Rfe8 35. Nd5 Bxd5 36. cxd5 h5 37. Rc1 Rd7 38. Rc5 Bf8 39. Rxa5 Rc7 40. Ra6 e4
41. dxe4 Rc2 42. Rg2 fxe4 43. Re6 Rxe6 44. dxe6 Rxf2 45. Rxf2 e3 46. Re2 Bh6
47. Rc2 Kf8 48. Kg2 d3 49. Rc8+ Ke7 50. Kf1 e2+ 51. Ke1 Bg7 52. Rc7+ Kf8 53.
Rc8+ Ke7 54. Rc7+ Kf8 1/2-1/2

[Event "4NCL Division 2a"]
[Site "Telford, ENG"]
[Date "2017.11.11"]
[Round "1.38"]
[White "Munshi, Aditya"]
[Black "Buttell, David"]
[Result "1-0"]
[WhiteElo "2056"]
[BlackElo "1782"]
[PlyCount "103"]
[EventDate "2017.11.11"]
[WhiteTeam "Grantham Sharks 2"]
[BlackTeam "Celtic Tigers"]

1. e4 c5 2. Nf3 d6 3. Bb5+ Bd7 4. Bxd7+ Qxd7 5. c4 Nc6 6. d4 cxd4 7. Nxd4 Nf6
8. Nc3 e6 9. Be3 Be7 10. O-O O-O 11. Qe2 Rfd8 12. Rad1 Qc7 13. f4 Nxd4 14. Bxd4
e5 15. Be3 Qc6 16. Nd5 Nxd5 17. Rxd5 f6 18. f5 b6 19. b3 Qe8 20. a4 Rd7 21. Qg4
Kh8 22. Rf3 Qg8 23. Rh3 Rb7 24. Bd2 a5 25. Rdd3 Bf8 26. Rh4 Rf7 27. Qg6 Raa7
28. Rdh3 h6 29. Rg4 Qh7 30. Qh5 Rab7 31. Rg6 Rfe7 32. Qg4 Red7 33. Rg3 Rf7 34.
Bxh6 Rfd7 35. Be3 Rf7 36. Rh3 Qxh3 37. Qxh3+ Kg8 38. Rg4 Rfd7 39. Qh5 Re7 40.
Qg6 Rb8 41. h4 Kh8 42. h5 Rbb7 43. h6 Rb8 44. Rh4 Kg8 45. hxg7 Bxg7 46. Bh6 Rf8
47. Be3 Rff7 48. Rh7 Rb7 49. Bh6 Rbd7 50. Bxg7 Rxg7 51. Rxg7+ Rxg7 52. Qxf6 1-0

[Event "4NCL Division 2a"]
[Site "Telford, ENG"]
[Date "2017.11.11"]
[Round "1.41"]
[White "Klingher, Dominic"]
[Black "McMichael, Richard J"]
[Result "0-1"]
[WhiteElo "2200"]
[BlackElo "2231"]
[PlyCount "58"]
[EventDate "2017.11.11"]
[WhiteTeam "Barbican Youth"]
[BlackTeam "Kings Head"]

1. e4 e6 2. d3 c5 3. Nf3 Nc6 4. g3 g6 5. Bg2 Bg7 6. O-O Nge7 7. Nbd2 O-O 8. Re1
d6 9. h4 e5 10. Nf1 h6 11. Be3 f5 12. Qd2 Kh7 13. a3 Be6 14. h5 gxh5 15. Nh4
Qd7 16. b4 Nd4 17. Bxd4 cxd4 18. f4 Bf6 19. Nf3 Ng6 20. N1h2 Rac8 21. Rf1 h4
22. fxe5 dxe5 23. Nxh4 Bxh4 24. gxh4 Nxh4 25. Bf3 Nxf3+ 26. Nxf3 fxe4 27. dxe4
Bh3 28. Rf2 Rxf3 29. Kh2 Rcf8 0-1